00237nam a2200109Ia 4500008004100000100001600041245002100057260001100078260000900089546001200098999001700110170619s9999 xx 000 0 und d aDEY- PRADIP 0aProgramming in C bOxford c2011 aENGLISH c20878d20878